[Event "4NCL Division 3s"]
[Site "Daventry Court ENG"]
[Date "2014.11.16"]
[Round "2.57"]
[White "Duncanson, Henry G"]
[Black "Quinn, John"]
[Result "0-1"]
[WhiteElo "2088"]
[BlackElo "2120"]
[PlyCount "94"]
[EventDate "2014.11.16"]

1. e4 c5 2. Nf3 e6 3. g3 d5 4. exd5 exd5 5. Bg2 Nf6 6. O-O Be7 7. d4 O-O 8.
dxc5 Bxc5 9. Nc3 Nc6 10. h3 d4 11. Na4 Be7 12. b3 Be6 13. Bg5 Rc8 14. Re1 b6
15. a3 Qd7 16. Kh2 Rfd8 17. Nb2 h6 18. Bc1 Nd5 19. Nd3 Bf6 20. Bb2 Qc7 21. Rc1
Bf5 22. Nd2 Nc3 23. Qf3 Qd7 24. Nc4 Be6 25. Nce5 Nxe5 26. Nxe5 Qc7 27. Nd3 Bd5
28. Qg4 Bxg2 29. Kxg2 Na2 30. Ra1 Qxc2 31. Rac1 Nxc1 32. Rxc1 Qxd3 33. Rxc8
Rxc8 34. Qxc8+ Kh7 35. Qd7 Qe4+ 36. Kh2 Qe6 37. Qb5 Qe4 38. Qd7 Kg6 39. Bc1 Qc2
40. Qg4+ Kh7 41. Bf4 Qxf2+ 42. Kh1 Qc2 43. Qf3 d3 44. Qd5 Qd1+ 45. Kh2 Qe2+ 46.
Kh1 Kg6 47. Qc6 Qd1+ 0-1

[Event "4NCL Division 3s"]
[Site "Daventry Court ENG"]
[Date "2014.11.16"]
[Round "2.58"]
[White "Way, Julian"]
[Black "Moore, Gerald"]
[Result "1-0"]
[WhiteElo "1994"]
[BlackElo "2182"]
[PlyCount "67"]
[EventDate "2014.11.16"]

1. e4 g6 2. d4 Bg7 3. Nc3 d6 4. Be3 c6 5. Qd2 b5 6. O-O-O Nd7 7. h4 h5 8. Nh3
Nb6 9. Ng5 Nf6 10. f3 b4 11. Nb1 a5 12. Bd3 Nh7 13. Nxh7 Rxh7 14. Rhe1 Qc7 15.
Qf2 Rh8 16. f4 Bg4 17. Rd2 O-O-O 18. Be2 d5 19. Ba6+ Kb8 20. f5 Ka7 21. Bf1
dxe4 22. fxg6 f5 23. Bf4 Qd7 24. d5 e5 25. Qc5 exf4 26. Qxa5+ Kb8 27. Qxb6+ Qb7
28. Qa5 cxd5 29. Ba6 Qe7 30. Qb6+ Ka8 31. Bb5 Rd6 32. Bc6+ Rxc6 33. Qxc6+ Qb7
34. Qxd5 1-0

[Event "4NCL Division 3s"]
[Site "Daventry Court ENG"]
[Date "2014.11.16"]
[Round "2.59"]
[White "McEwan, Ken B"]
[Black "Skulte, Chris"]
[Result "1-0"]
[WhiteElo "2079"]
[BlackElo "1974"]
[PlyCount "77"]
[EventDate "2014.11.16"]

1. d4 d5 2. Bf4 Nf6 3. e3 Bf5 4. Nf3 e6 5. Bd3 Ne4 6. O-O Bd6 7. Bxd6 Qxd6 8.
c3 Nd7 9. Nh4 Bg6 10. f3 Nef6 11. f4 Bxd3 12. Qxd3 Ne4 13. Nf3 O-O-O 14. Nbd2
Nxd2 15. Nxd2 Kb8 16. b4 f6 17. c4 Qxb4 18. c5 c6 19. Rfb1 Qa4 20. Rb3 Ka8 21.
Rab1 Qa6 22. Qc3 b6 23. cxb6 Nxb6 24. Qxc6+ Qb7 25. Qc5 Rc8 26. Qa5 Rc6 27. a4
Qc7 28. Kf2 g5 29. g3 gxf4 30. exf4 e5 31. Qb5 exf4 32. a5 fxg3+ 33. hxg3 Nc4
34. Qxd5 Nxd2 35. Rc3 Rd8 36. Qh1 Nxb1 37. Rxc6 Qb7 38. a6 Qb2+ 39. Rc2+ 1-0

[Event "4NCL Division 3s"]
[Site "Daventry Court ENG"]
[Date "2014.11.16"]
[Round "2.60"]
[White "Herring, Sam"]
[Black "Bin-Suhayl, Ieysaa"]
[Result "0-1"]
[WhiteElo "1851"]
[BlackElo "1719"]
[PlyCount "92"]
[EventDate "2014.11.16"]

1. d4 Nf6 2. c4 c5 3. d5 b5 4. cxb5 a6 5. f3 axb5 6. e4 d6 7. Bxb5+ Nfd7 8. Na3
g6 9. Ne2 Bg7 10. Nc4 O-O 11. Bd2 Ba6 12. Bxa6 Nxa6 13. Bc3 Qb8 14. O-O Nb6 15.
b3 Bxc3 16. Nxc3 Nxc4 17. bxc4 Qb4 18. Qb3 Rfb8 19. Nb5 Qa5 20. Rfb1 Nc7 21. a4
Na6 22. f4 Nc7 23. Qe3 Nxb5 24. cxb5 Qc7 25. Rc1 Ra5 26. e5 Rba8 27. exd6 exd6
28. f5 Qc8 29. fxg6 hxg6 30. Qf4 Qd7 31. Rf1 f5 32. Rfe1 Re8 33. Rxe8+ Qxe8 34.
Qxd6 Rxa4 35. Rb1 Rb4 36. Ra1 Rxb5 37. h3 c4 38. Ra7 Qe3+ 39. Kh2 Qxa7 40.
Qxg6+ Kf8 41. Qxf5+ Qf7 42. Qc8+ Qe8 43. Qf5+ Ke7 44. Qe6+ Kd8 45. Qd6+ Qd7 46.
Qf6+ Kc7 0-1

[Event "4NCL Division 3s"]
[Site "Daventry Court ENG"]
[Date "2014.11.16"]
[Round "2.65"]
[White "Maleki, Manuel"]
[Black "Chan, Nevil"]
[Result "1-0"]
[WhiteElo "2260"]
[BlackElo "2014"]
[PlyCount "97"]
[EventDate "2014.11.16"]

1. Nf3 b6 2. c4 Bb7 3. Nc3 f5 4. d4 e6 5. a3 Nf6 6. g3 Be7 7. Bg2 O-O 8. O-O
Ne4 9. Qc2 Nxc3 10. Qxc3 Bf6 11. b4 Qe7 12. Bb2 d6 13. Qd2 Nd7 14. Rac1 Be4 15.
c5 bxc5 16. dxc5 Bxb2 17. Qxb2 dxc5 18. bxc5 Rab8 19. Qc3 Bxf3 20. Bxf3 Rb5 21.
c6 Nf6 22. Rfd1 Rfb8 23. Qe3 Ra5 24. Rb1 Rb6 25. Rb3 Rxb3 26. Qxb3 Rxa3 27. Qb7
Kf7 28. Kg2 Ra5 29. Qc8 Nd5 30. Bxd5 Rxd5 31. Rxd5 exd5 32. Qxf5+ Qf6 33. Qxd5+
Qe6 34. Qh5+ Qg6 35. Qxg6+ hxg6 36. Kf3 Ke6 37. Ke4 Kd6 38. Kd4 Kxc6 39. Kc4
Kd6 40. f4 c6 41. e4 a5 42. e5+ Ke6 43. h4 Ke7 44. g4 Ke6 45. Kc5 Kf7 46. f5
gxf5 47. gxf5 Ke8 48. h5 Ke7 49. f6+ 1-0

[Event "4NCL Division 3s"]
[Site "Daventry Court ENG"]
[Date "2014.11.16"]
[Round "2.66"]
[White "Kreuzer, Christopher RL"]
[Black "Thorarinsson, Pall"]
[Result "0-1"]
[WhiteElo "1961"]
[BlackElo "2214"]
[PlyCount "42"]
[EventDate "2014.11.16"]

1. e4 g6 2. d4 Bg7 3. Nf3 d6 4. Nc3 Nf6 5. Bc4 O-O 6. O-O Bg4 7. Bb3 Nc6 8. Be3
Nd7 9. Ne2 Bxf3 10. gxf3 Na5 11. Qd2 c5 12. c3 cxd4 13. Nxd4 Nc5 14. Bd5 e6 15.
b4 exd5 16. bxa5 dxe4 17. Nb3 exf3 18. Qd5 Qh4 19. Qxf3 Bxc3 20. Rab1 Be5 21.
h3 Ne4 0-1

[Event "4NCL Division 3s"]
[Site "Daventry Court ENG"]
[Date "2014.11.16"]
[Round "2.67"]
[White "Farkas, Daniel"]
[Black "Campbell, Mark C"]
[Result "1-0"]
[WhiteElo "2129"]
[BlackElo "1957"]
[PlyCount "61"]
[EventDate "2014.11.16"]

1. e4 c5 2. c3 Nf6 3. e5 Nd5 4. Nf3 e6 5. Bc4 Nb6 6. Bb3 d5 7. d4 Nc6 8. O-O
Bd7 9. Re1 Qc7 10. Be3 Na5 11. Nbd2 Nxb3 12. axb3 a6 13. dxc5 Bxc5 14. Bxc5
Qxc5 15. Nd4 O-O 16. N2f3 Nc8 17. Re3 Ne7 18. Qc2 Rac8 19. Ng5 g6 20. Qd2 Kg7
21. Nxh7 Rh8 22. Nf6 Bb5 23. Rf3 Rh4 24. Qg5 Rch8 25. Ng4 Ng8 26. Qf4 Be8 27.
h3 Ne7 28. Nxe6+ fxe6 29. Qf6+ Kg8 30. Qf8+ Kh7 31. Nf6# 1-0

[Event "4NCL Division 3s"]
[Site "Daventry Court ENG"]
[Date "2014.11.16"]
[Round "2.68"]
[White "Breed, Greg"]
[Black "Agnew, Alan"]
[Result "1/2-1/2"]
[WhiteElo "1747"]
[BlackElo "2098"]
[PlyCount "102"]
[EventDate "2014.11.16"]

1. e4 g6 2. d4 Bg7 3. Nc3 d6 4. Bc4 Nf6 5. Nf3 O-O 6. O-O Nxe4 7. Nxe4 d5 8.
Bd3 dxe4 9. Bxe4 Nd7 10. c3 c5 11. Bg5 h6 12. Be3 Nf6 13. Bc2 Nd5 14. dxc5 Nxe3
15. Qxd8 Rxd8 16. fxe3 Be6 17. Nd4 Bc4 18. Rf2 e5 19. Nb3 a5 20. Nd2 Be6 21.
Ne4 f5 22. Nd6 b6 23. Nb5 bxc5 24. Nc7 Kf7 25. Nxa8 Rxa8 26. Bb3 c4 27. Ba4 Bf8
28. Re2 Bc5 29. Kf1 Rd8 30. Rd1 Rd3 31. e4 f4 32. Rxd3 cxd3 33. Rd2 Bc8 34. Bc6
Ba6 35. Bd5+ Ke7 36. c4 Bd4 37. b3 Kd6 38. Rxd3 Bc8 39. h3 g5 40. a3 Kc5 41.
Bf7 Bb7 42. Bd5 Bc8 43. Ke2 g4 44. hxg4 Bxg4+ 45. Kd2 h5 46. Kc2 h4 47. b4+
axb4 48. axb4+ Kxb4 49. Rb3+ Kc5 50. Rb5+ Kd6 51. Rb3 Be3 1/2-1/2

[Event "4NCL Division 3s"]
[Site "Daventry Court ENG"]
[Date "2014.11.16"]
[Round "2.69"]
[White "Stevenson, James AB"]
[Black "Ivanov, George"]
[Result "1-0"]
[WhiteElo "2093"]
[BlackElo "1702"]
[PlyCount "99"]
[EventDate "2014.11.16"]

1. e4 e5 2. Nf3 Nc6 3. Bb5 d6 4. d4 exd4 5. Nxd4 Bd7 6. Nc3 Nf6 7. O-O a6 8.
Bc4 Ne5 9. Be2 Be7 10. f4 Nc6 11. Be3 O-O 12. h3 Nxd4 13. Bxd4 Bc6 14. Bf3 Re8
15. Qd2 Nd7 16. Rae1 Bf6 17. Re3 Bxd4 18. Qxd4 Qf6 19. Qxf6 Nxf6 20. Rfe1 Nd7
21. Ne2 Nc5 22. Nd4 Bd7 23. e5 dxe5 24. Rxe5 Rxe5 25. Rxe5 Ne6 26. Nxe6 Bxe6
27. Bxb7 Rd8 28. Bxa6 Bxa2 29. b3 Rd1+ 30. Kf2 f6 31. Re7 c5 32. Bc4+ Kf8 33.
Rf7+ Ke8 34. Rxg7 Rd2+ 35. Kf3 Rxc2 36. Ke4 Kf8 37. Rg8+ Ke7 38. g4 Rh2 39.
Rg7+ Ke8 40. Kf5 Rxh3 41. Kxf6 Rh6+ 42. Ke5 Kf8 43. Ra7 Bb1 44. Rc7 Rg6 45. Be6
Bc2 46. Rxc5 Bd1 47. Rc8+ Ke7 48. Rc7+ Kf8 49. g5 h5 50. f5 1-0

[Event "4NCL Division 3s"]
[Site "Daventry Court ENG"]
[Date "2014.11.16"]
[Round "2.70"]
[White "Ivanov, Elizabeth"]
[Black "Millward, Kevin Philip"]
[Result "0-1"]
[WhiteElo "1557"]
[BlackElo "2008"]
[PlyCount "107"]
[EventDate "2014.11.16"]

1. e4 d6 2. d4 g6 3. f4 Bg7 4. Nf3 Nc6 5. Bc4 e6 6. c3 Nf6 7. Nbd2 a6 8. O-O
O-O 9. Qe1 b5 10. Bb3 Ne7 11. Qh4 Bb7 12. Bc2 c5 13. f5 cxd4 14. Nxd4 e5 15.
N4f3 h6 16. Nb3 g5 17. Nxg5 hxg5 18. Bxg5 Nc8 19. Rf3 Re8 20. Bh6 Kf8 21. Na5
Rb8 22. Nxb7 Rxb7 23. Bb3 Bxh6 24. Qxh6+ Ke7 25. Bd5 Nxd5 26. exd5 Rh8 27. f6+
Kd7 28. Qg5 Nb6 29. Qf5+ Kc7 30. Qe4 Rh6 31. Raf1 Qh8 32. h3 Qh7 33. Qe3 Rb8
34. b3 Nxd5 35. Qa7+ Rb7 36. Qxa6 Qe4 37. Qa5+ Nb6 38. Qxb5 Rg6 39. Qe8 Qd5 40.
Qe7+ Kb8 41. Qe8+ Ka7 42. c4 Qc5+ 43. Kh1 Qc7 44. Rc1 Qd7 45. Qh8 Rb8 46. Qh4
Rbg8 47. Rc2 Qc6 48. Qe1 Rxg2 49. Rxg2 Qxf3 50. Qa5+ Kb7 51. Qd2 Qxh3+ 52. Kg1
Qxg2+ 53. Qxg2+ Rxg2+ 54. Kxg2 0-1

[Event "4NCL Division 3s"]
[Site "Daventry Court ENG"]
[Date "2014.11.16"]
[Round "2.75"]
[White "Peters, John A"]
[Black "Byway, Paul V"]
[Result "1/2-1/2"]
[WhiteElo "2037"]
[BlackElo "2135"]
[PlyCount "122"]
[EventDate "2014.11.16"]

1. e4 c5 2. Nf3 e6 3. d4 cxd4 4. Nxd4 Nf6 5. Nc3 Nc6 6. Ndb5 Bb4 7. a3 Bxc3+ 8.
Nxc3 d5 9. exd5 exd5 10. Bd3 O-O 11. O-O d4 12. Ne2 Qb6 13. h3 Rd8 14. Ng3 Ne5
15. Re1 Nxd3 16. Qxd3 Bd7 17. Bg5 Re8 18. Bxf6 Qxf6 19. c3 Red8 20. cxd4 Ba4
21. Nf5 g6 22. Ne7+ Kg7 23. Re4 Rd7 24. Rae1 Rad8 25. Qg3 Rxd4 26. Rxd4 Rxd4
27. Qb8 Rd2 28. Qg8+ Kh6 29. Qf8+ Kh5 30. g4+ Kg5 31. h4+ Kxg4 32. Qc8+ Bd7 33.
Qc4+ Rd4 34. Nd5 Rxc4 35. Nxf6+ Kxh4 36. Nxd7 Rc2 37. b4 Rc3 38. a4 Rc4 39. Rb1
h5 40. a5 g5 41. Rb3 g4 42. Ne5 Rc1+ 43. Kg2 f5 44. Nd3 Ra1 45. Rc3 Rb1 46. Rc4
Kg5 47. Nc5 h4 48. Ne6+ Kf6 49. Nf4 h3+ 50. Kh2 Rb3 51. Nd5+ Kg5 52. Nc3 f4 53.
Ne4+ Kh4 54. Nc3 Kg5 55. Rc5+ Kh4 56. Ne4 g3+ 57. Nxg3 fxg3+ 58. fxg3+ Rxg3 59.
Rc7 Rg2+ 60. Kh1 b5 61. Rxa7 Rg4 1/2-1/2

[Event "4NCL Division 3s"]
[Site "Daventry Court ENG"]
[Date "2014.11.16"]
[Round "2.76"]
[White "Goodger, Martyn"]
[Black "Reynolds, D Ian W"]
[Result "0-1"]
[WhiteElo "2104"]
[BlackElo "2006"]
[PlyCount "98"]
[EventDate "2014.11.16"]

1. e4 e5 2. Nf3 Nc6 3. Bc4 Bc5 4. c3 Nf6 5. d3 O-O 6. b4 Bb6 7. Bg5 h6 8. Bh4
d6 9. Nbd2 g5 10. Bg3 Nh5 11. Nf1 Kg7 12. h4 g4 13. N3h2 Nxg3 14. Nxg3 Qxh4 15.
Qd2 Qg5 16. Qxg5+ hxg5 17. Ke2 Ne7 18. Nhf1 f5 19. Nxf5+ Bxf5 20. exf5 Nxf5 21.
g3 c6 22. Nd2 d5 23. Bb3 Nd6 24. Rh2 Rh8 25. Rah1 Rxh2 26. Rxh2 a5 27. bxa5
Bxa5 28. f3 Bxc3 29. fxg4 Bxd2 30. Kxd2 Nb5 31. Rf2 Nd4 32. Kc3 Rf8 33. Rxf8
Kxf8 34. Bd1 Ke7 35. a4 Kd6 36. Kb4 e4 37. dxe4 dxe4 38. Kc4 Ne6 39. a5 Ke5 40.
Ba4 e3 41. Bd1 Nd4 42. Kc5 e2 43. Bxe2 Nxe2 44. Kb6 Nd4 45. Kxb7 Kd6 46. a6 Nb5
47. Kb6 Kd5 48. Ka5 Kc5 49. Ka4 Kb6 0-1

[Event "4NCL Division 3s"]
[Site "Daventry Court ENG"]
[Date "2014.11.16"]
[Round "2.77"]
[White "Savage, Nicholas W"]
[Black "Hutchinson, Norman A"]
[Result "1-0"]
[WhiteElo "1995"]
[BlackElo "2077"]
[PlyCount "99"]
[EventDate "2014.11.16"]

1. d4 Nf6 2. c4 e6 3. Nf3 b6 4. a3 c5 5. d5 d6 6. Nc3 Qe7 7. g3 e5 8. Bg2 a6 9.
O-O h6 10. e4 g6 11. Ne1 Bg7 12. Nd3 O-O 13. b4 Nbd7 14. Bd2 Rb8 15. Rb1 cxb4
16. axb4 Bb7 17. Qb3 Rfc8 18. Rfc1 Rc7 19. f3 Qd8 20. Be3 Qc8 21. Ne2 Ba8 22.
Bh3 a5 23. b5 Ra7 24. Ra1 Ne8 25. Kg2 Kh7 26. Nc3 Bf6 27. Na4 Qd8 28. Qb2 Bg5
29. f4 Bf6 30. f5 Bg5 31. fxg6+ fxg6 32. Qf2 Bxe3 33. Qxe3 Qg5 34. Qxg5 hxg5
35. Bxd7 Rxd7 36. Rf1 Kg7 37. Nc3 Rc7 38. c5 bxc5 39. Rxa5 Bb7 40. Ra2 Rf7 41.
Rxf7+ Kxf7 42. Ra7 Nf6 43. Nb2 Ke7 44. Nc4 Kd7 45. Kf3 g4+ 46. Ke3 Ne8 47. b6
Kd8 48. Na5 Kc8 49. Nb5 Ba8 50. Nc4 1-0

[Event "4NCL Division 3s"]
[Site "Daventry Court ENG"]
[Date "2014.11.16"]
[Round "2.79"]
[White "Donaghay, Richard H"]
[Black "McCorry, Robert T"]
[Result "0-1"]
[WhiteElo "1974"]
[BlackElo "2051"]
[PlyCount "98"]
[EventDate "2014.11.16"]

1. e4 c5 2. Nc3 Nc6 3. g3 g6 4. Bg2 Bg7 5. d3 Nf6 6. Bg5 O-O 7. Qd2 Rb8 8. Bh6
b5 9. Bxg7 Kxg7 10. Nge2 b4 11. Nd1 d5 12. exd5 Nxd5 13. Ne3 Be6 14. O-O Nd4
15. Nxd4 cxd4 16. Nc4 Qc7 17. Rfe1 Nb6 18. Re4 Nxc4 19. dxc4 Qxc4 20. Rh4 h5
21. Rxh5 Rh8 22. Rxh8 Rxh8 23. Rd1 Rd8 24. h4 Rd6 25. h5 Bf5 26. hxg6 Qxc2 27.
gxf7 Qxd2 28. Rxd2 e5 29. Bf1 Kxf7 30. Bc4+ Kf6 31. f3 Rc6 32. Bb3 Be6 33. Bxe6
Kxe6 34. f4 exf4 35. gxf4 Kd5 36. Kf2 Ke4 37. Ke2 Rh6 38. f5 Rh2+ 39. Kd1 Rxd2+
40. Kxd2 Kxf5 41. Kd3 Ke5 42. Kd2 Ke4 43. Ke2 d3+ 44. Kd1 Ke3 45. Ke1 d2+ 46.
Kd1 Kd3 47. a3 bxa3 48. bxa3 Kc3 49. a4 a5 0-1

[Event "4NCL Division 3s"]
[Site "Daventry Court ENG"]
[Date "2014.11.16"]
[Round "2.80"]
[White "Bailey, Kevin J"]
[Black "Davison, Chris"]
[Result "0-1"]
[WhiteElo "2024"]
[BlackElo "1897"]
[PlyCount "86"]
[EventDate "2014.11.16"]

1. d4 d6 2. e4 g6 3. Nc3 Bg7 4. g3 Nc6 5. d5 Nd4 6. Be3 c5 7. dxc6 Nxc6 8. Qd2
Nf6 9. Bh6 O-O 10. h4 Qa5 11. Bxg7 Kxg7 12. Be2 h5 13. a3 Bd7 14. f3 a6 15. Nh3
b5 16. Nf4 Qb6 17. Ncd5 Nxd5 18. Nxd5 Qd4 19. c3 Qxd2+ 20. Kxd2 Ra7 21. a4 bxa4
22. Rxa4 Rb8 23. b4 e6 24. Ne3 a5 25. b5 Nd8 26. c4 Nb7 27. Rha1 Nc5 28. R4a3
f5 29. exf5 gxf5 30. Kc3 d5 31. Kd4 Rc7 32. cxd5 Kf6 33. f4 a4 34. Bc4 Ke7 35.
Rb1 Kd6 36. b6 Rcb7 37. dxe6 Bxe6 38. Bxe6 Nxe6+ 39. Kc4 Rc8+ 40. Kd3 Nc5+ 41.
Ke2 Rf8 42. Nc4+ Kd5 43. Ne5 Rfb8 0-1

[Event "4NCL Division 3s"]
[Site "Daventry Court ENG"]
[Date "2014.11.16"]
[Round "2.85"]
[White "Mercs, Peter"]
[Black "Ross, Chris N"]
[Result "0-1"]
[WhiteElo "2087"]
[BlackElo "2189"]
[PlyCount "67"]
[EventDate "2014.11.16"]

1. e4 c5 2. Nf3 e6 3. d4 cxd4 4. Nxd4 Nc6 5. Nc3 Qc7 6. Be2 a6 7. O-O Nf6 8.
Be3 Bb4 9. Bd3 O-O 10. h3 Be7 11. Qe2 b5 12. a3 Bb7 13. Nb3 d6 14. f4 e5 15. f5
Nb8 16. g4 d5 17. g5 dxe4 18. gxf6 exd3 19. Qg4 Bxf6 20. cxd3 Nd7 21. Ne4 Bd5
22. Rac1 Qd8 23. Nbc5 Nxc5 24. Nxf6+ Qxf6 25. Rxc5 Rfd8 26. Rfc1 h6 27. b4 Rd7
28. d4 Re8 29. dxe5 Qxe5 30. Bf2 Qe4 31. Qxe4 Bxe4 32. Re1 Rd3 33. a4 Rxh3 34.
Be3 0-1

[Event "4NCL Division 3s"]
[Site "Daventry Court ENG"]
[Date "2014.11.16"]
[Round "2.87"]
[White "Burke, Steve"]
[Black "Lentzos, Ioannis"]
[Result "1/2-1/2"]
[WhiteElo "1974"]
[BlackElo "1897"]
[PlyCount "51"]
[EventDate "2014.11.16"]

1. e4 c6 2. d4 d5 3. e5 Bf5 4. Nf3 e6 5. Be2 c5 6. O-O Nc6 7. c3 cxd4 8. Nxd4
Nxd4 9. cxd4 Ne7 10. Nc3 Nc6 11. Be3 Be7 12. Rc1 O-O 13. Qd2 Rc8 14. g4 Bg6 15.
f4 f5 16. Na4 Qa5 17. Qxa5 Nxa5 18. Rxc8 Rxc8 19. Rc1 Rxc1+ 20. Bxc1 fxg4 21.
Bxg4 Kf7 22. Nc3 Nc6 23. Be3 a6 24. Nxd5 h5 25. Nxe7 hxg4 26. Nxc6 1/2-1/2

[Event "4NCL Division 3s"]
[Site "Daventry Court ENG"]
[Date "2014.11.16"]
[Round "2.88"]
[White "Taylor, Adam A"]
[Black "Jarvis, Derek"]
[Result "1-0"]
[WhiteElo "2103"]
[BlackElo "1899"]
[PlyCount "97"]
[EventDate "2014.11.16"]

1. Nf3 d5 2. g3 Nf6 3. Bg2 c5 4. O-O Nc6 5. d4 e6 6. c4 Be7 7. cxd5 exd5 8. Nc3
O-O 9. Bg5 c4 10. b3 cxb3 11. Qxb3 Na5 12. Qb5 a6 13. Qd3 Be6 14. Ne5 h6 15.
Bf4 Rc8 16. Rad1 Nc4 17. Nxc4 Rxc4 18. e4 b5 19. e5 Ne8 20. Rc1 Nc7 21. Nb1 Bb4
22. Bd2 Qe7 23. f4 g6 24. a3 Bf5 25. Qe3 Bxd2 26. Nxd2 Rxc1 27. Rxc1 Qd7 28.
Nb3 Ne6 29. Nc5 Nxc5 30. Rxc5 Be6 31. Qc3 Qd8 32. Rc6 a5 33. Qc5 b4 34. axb4
axb4 35. Qxb4 Qa8 36. Qc3 Rb8 37. h4 Rb3 38. Qxb3 Qxc6 39. h5 Qc1+ 40. Kh2 gxh5
41. Qf3 Qd2 42. f5 Bc8 43. Qxh5 Qxd4 44. e6 Qf6 45. Bxd5 fxe6 46. Qe8+ Kg7 47.
fxe6 Qb2+ 48. Bg2 Bxe6 49. Qxe6 1-0

[Event "4NCL Division 3s"]
[Site "Daventry Court ENG"]
[Date "2014.11.16"]
[Round "2.90"]
[White "Mansson, James C"]
[Black "Graham, Neil"]
[Result "1-0"]
[WhiteElo "2101"]
[BlackElo "1851"]
[PlyCount "43"]
[EventDate "2014.11.16"]

1. d4 Nf6 2. c4 e5 3. dxe5 Ng4 4. Nf3 Bc5 5. e3 Nc6 6. Be2 Ngxe5 7. Nxe5 Nxe5
8. O-O d6 9. Nc3 Bd7 10. f4 Ng6 11. Kh1 Bc6 12. e4 Qe7 13. Nd5 Bxd5 14. cxd5
O-O-O 15. Bd3 h5 16. Bd2 Bd4 17. Bc3 Bxc3 18. bxc3 Qd7 19. Rb1 Qg4 20. Qb3 b6
21. h3 Qh4 22. Qa4 1-0

[Event "4NCL Division 3s"]
[Site "Daventry Court ENG"]
[Date "2014.11.16"]
[Round "2.95"]
[White "Stewart, Joseph"]
[Black "Willmoth, Rob"]
[Result "1/2-1/2"]
[WhiteElo "2200"]
[BlackElo "2178"]
[PlyCount "38"]
[EventDate "2014.11.16"]

1. e4 d6 2. c4 e5 3. g3 c5 4. Bg2 Nc6 5. Ne2 f5 6. d3 Be6 7. b3 Nf6 8. Nbc3 Qd7
9. Nd5 Be7 10. O-O O-O 11. Bb2 Rab8 12. Nec3 a6 13. a4 Bd8 14. Nxf6+ Bxf6 15.
Nd5 Bd8 16. f4 Nd4 17. Bxd4 exd4 18. exf5 Bxf5 19. Qd2 Kh8 1/2-1/2

[Event "4NCL Division 3s"]
[Site "Daventry Court ENG"]
[Date "2014.11.16"]
[Round "2.96"]
[White "Brozel, Sacha"]
[Black "Edgell, Ben"]
[Result "0-1"]
[WhiteElo "1799"]
[BlackElo "2112"]
[PlyCount "76"]
[EventDate "2014.11.16"]

1. d4 Nf6 2. c4 e6 3. g3 d5 4. Bg2 c6 5. Nf3 Nbd7 6. O-O Bd6 7. Nbd2 O-O 8. b3
b6 9. Bb2 Bb7 10. Ne5 c5 11. cxd5 exd5 12. Ndf3 Ne4 13. Nxd7 Qxd7 14. Rc1 f5
15. e3 a5 16. a4 Rac8 17. Re1 Qe6 18. Bf1 c4 19. Nd2 Bb4 20. Nxe4 Bxe1 21. Ng5
Qg6 22. Qxe1 Qxg5 23. bxc4 dxc4 24. Bxc4+ Rxc4 25. Rxc4 Qg4 26. e4 Bxe4 27. Rc3
Bd5 28. f4 h5 29. Ba3 Rf6 30. Re3 Rc6 31. Re5 Qf3 32. Rxd5 Qxd5 33. Qe8+ Kh7
34. Qxh5+ Rh6 35. Qg5 Qxd4+ 36. Kf1 Qd1+ 37. Kg2 Qc2+ 38. Kf1 Rxh2 0-1

[Event "4NCL Division 3s"]
[Site "Daventry Court ENG"]
[Date "2014.11.16"]
[Round "2.97"]
[White "Villiers, Thomas"]
[Black "Cavendish, Joshua"]
[Result "1-0"]
[WhiteElo "2053"]
[BlackElo "1746"]
[PlyCount "69"]
[EventDate "2014.11.16"]

1. d4 Nf6 2. c4 e5 3. dxe5 Ng4 4. Nf3 Bc5 5. e3 Nc6 6. Be2 O-O 7. a3 a5 8. Nc3
Re8 9. Qd5 Bf8 10. b3 Ncxe5 11. Nxe5 Nxe5 12. Bb2 c6 13. Qd4 Qg5 14. O-O Bc5
15. Qd2 d5 16. f4 Qh6 17. Kh1 Ng6 18. Nd1 Nh4 19. cxd5 Bf5 20. Rc1 Bb6 21. Bf3
Rad8 22. Bd4 Nxf3 23. Rxf3 Bxd4 24. exd4 Be4 25. Rf1 Rxd5 26. Rc5 Red8 27. Rxd5
Rxd5 28. Nc3 Rh5 29. Nxe4 Rxh2+ 30. Kg1 Rh1+ 31. Kf2 Qh4+ 32. Ke2 Qg4+ 33. Ke1
Rh6 34. Qxa5 Qd7 35. Qa8+ 1-0

[Event "4NCL Division 3s"]
[Site "Daventry Court ENG"]
[Date "2014.11.16"]
[Round "2.98"]
[White "Karia, Rishul"]
[Black "Bullen, Alex"]
[Result "0-1"]
[WhiteElo "1664"]
[BlackElo "2021"]
[PlyCount "74"]
[EventDate "2014.11.16"]

1. e4 c5 2. Nc3 e6 3. Bc4 a6 4. a4 Nc6 5. f4 Nge7 6. Ba2 d5 7. e5 d4 8. Ne4 Nd5
9. d3 Be7 10. Nf3 Ncb4 11. Bc4 Qa5 12. c3 dxc3 13. bxc3 Nc6 14. Bd2 Qc7 15. Rb1
Na5 16. Ba2 c4 17. d4 Bd7 18. g4 Nb6 19. Be3 Bxa4 20. Qd2 Nd5 21. f5 Bb3 22.
Bg5 f6 23. exf6 gxf6 24. Bh6 exf5 25. gxf5 O-O-O 26. Bg7 Rhe8 27. Kf2 Rg8 28.
Rhg1 Nf4 29. Rg3 Nd3+ 30. Kg2 Bd6 31. Rg4 h5 32. Rg6 Rxg7 33. Nxd6+ Rxd6 34.
Qh6 Rxg6+ 35. fxg6 Qd7 36. h3 f5 37. Bxb3 Rxg6+ 0-1

[Event "4NCL Division 3s"]
[Site "Daventry Court ENG"]
[Date "2014.11.16"]
[Round "2.99"]
[White "Klingher, Dominic"]
[Black "Richardt, Mike"]
[Result "0-1"]
[WhiteElo "1793"]
[BlackElo "1975"]
[PlyCount "94"]
[EventDate "2014.11.16"]

1. e4 c5 2. d4 cxd4 3. c3 d5 4. exd5 Qxd5 5. Nf3 Nc6 6. Be3 Bg4 7. cxd4 Bxf3 8.
gxf3 e5 9. Nc3 Bb4 10. dxe5 Qxe5 11. Qb3 Nge7 12. O-O-O Bxc3 13. bxc3 O-O 14.
f4 Qc7 15. Bh3 Rfd8 16. f5 Rxd1+ 17. Rxd1 Qe5 18. Rd7 Na5 19. Qa3 Nec6 20. Bg2
Nc4 21. Qb3 Nxe3 22. Bxc6 bxc6 23. Qxf7+ Kh8 24. fxe3 Qxe3+ 25. Kc2 Qe2+ 26.
Kc1 Qe1+ 27. Kc2 Qe2+ 28. Kc1 Qf1+ 29. Kc2 Qg2+ 30. Kd3 Qf1+ 31. Kc2 Qe2+ 32.
Kc1 Qe5 33. Kc2 Qxh2+ 34. Kd3 Qe5 35. Kc4 Re8 36. f6 Qb5+ 37. Kd4 c5+ 38. Kd5
c4+ 39. Kd4 Qe5+ 40. Kxc4 Rc8+ 41. Kb4 Qxc3+ 42. Kb5 Qc6+ 43. Ka5 Qc3+ 44. Kb5
Rc5+ 45. Ka6 Qa5+ 46. Kb7 Qb6+ 47. Ka8 Rc8# 0-1

[Event "4NCL Division 3s"]
[Site "Daventry Court ENG"]
[Date "2014.11.16"]
[Round "2.99"]
[White "Martin Perez, Javier"]
[Black "Garnett, John S"]
[Result "1-0"]
[WhiteElo "2020"]
[BlackElo "2007"]
[PlyCount "67"]
[EventDate "2014.11.16"]

1. e4 c6 2. d4 d5 3. exd5 cxd5 4. c4 Nf6 5. Nc3 Nc6 6. Nf3 g6 7. cxd5 Nxd5 8.
Qb3 Nxc3 9. bxc3 Bg7 10. Bf4 O-O 11. Rd1 b6 12. Bb5 Bb7 13. O-O Na5 14. Qb4
Bxf3 15. gxf3 Qd5 16. Kg2 Rfd8 17. Rfe1 e6 18. c4 Qf5 19. Re4 Bf8 20. Qa4 a6
21. Bc6 Rac8 22. d5 Bd6 23. Bxd6 Rxd6 24. c5 exd5 25. cxd6 dxe4 26. Bxe4 Qg5+
27. Kh1 Rd8 28. Qd4 Qc5 29. Qf6 Rd7 30. Bd5 Nc4 31. Be6 Ne5 32. Bxd7 Qxf2 33.
Bh3 Nxf3 34. Bg2 1-0

[Event "4NCL Division 3s"]
[Site "Daventry Court ENG"]
[Date "2014.11.16"]
[Round "2.99"]
[White "Ganger, Rajan"]
[Black "Heaven, Peter"]
[Result "0-1"]
[WhiteElo "1998"]
[BlackElo "1919"]
[PlyCount "32"]
[EventDate "2014.11.16"]

1. e4 c5 2. Nf3 a6 3. d4 cxd4 4. Nxd4 Nf6 5. Bd3 e5 6. Nb3 d5 7. exd5 Nxd5 8.
Qh5 Nc6 9. O-O Nf6 10. Qh4 Be7 11. a3 Be6 12. Rd1 Ng4 13. Qg3 Bh4 14. Qf3 Bxf2+
15. Kh1 Bb6 16. Rf1 Nxh2 0-1

[Event "4NCL Division 3s"]
[Site "Daventry Court ENG"]
[Date "2014.11.16"]
[Round "2.99"]
[White "Freeland, Alex"]
[Black "Kingston, Ian S"]
[Result "1/2-1/2"]
[WhiteElo "1911"]
[BlackElo "1954"]
[PlyCount "84"]
[EventDate "2014.11.16"]

1. e4 e6 2. d4 d5 3. Nc3 dxe4 4. Nxe4 Nf6 5. Nxf6+ Qxf6 6. Nf3 h6 7. Bc4 Bd6 8.
Be3 O-O 9. Qe2 Bd7 10. O-O-O Bf4 11. g3 Bxe3+ 12. fxe3 a6 13. Ne5 Qe7 14. Rhf1
b5 15. Bb3 Nc6 16. Nxd7 Qxd7 17. c3 Qe7 18. Bc2 Na5 19. Qd3 g6 20. h4 Kg7 21.
Rf4 e5 22. Re4 Nc4 23. dxe5 Rad8 24. Rd4 Nxe5 25. Qe4 f5 26. Qb7 Rxd4 27. exd4
Ng4 28. d5 Qd6 29. a4 Ne3 30. Rd3 Nxc2 31. Kxc2 bxa4 32. c4 Re8 33. c5 Qxc5+
34. Rc3 Qf2+ 35. Kb1 Qe1+ 36. Ka2 Re7 37. Rxc7 Kf7 38. Rxe7+ Qxe7 39. Qxa6 Qd7
40. Qc4 Kf6 41. Qd4+ Kf7 42. Qe5 Qe7 1/2-1/2